Districts of Vienna on a Map - Statistics

General Stats
  • This quiz has been taken 923 times
  • The average score is 16 of 23
Answers on the Map
Answers color-coded by a green-red scale on the quiz's map according to % correct below.
 
Answer Stats
# District % Correct
I Innere Stadt
85%
X Favoriten
80%
XVI Ottakring
79%
XXII Donaustadt
77%
XXI Floridsdorf
77%
II Leopoldstadt
73%
VI Mariahilf
73%
XI Simmering
73%
XII Meidling
71%
XIX Döbling
69%
III Landstraße
69%
VIII Josefstadt
68%
XIII Hietzing
65%
XXIII Liesing
64%
VII Neubau
64%
IX Alsergrund
61%
XX Brigittenau
61%
V Margareten
61%
IV Wieden
60%
XIV Penzing
59%
XVII Hernals
57%
XV Rudolfsheim-Fünfhaus
56%
XVIII Währing
56%
No matching quizzes found
Score Distribution
Percent of People with Each Score
Percentile by Number Answered
Your Score History
You have not taken this quiz